| 000 | 01018cab a22002055a 4500 | ||
|---|---|---|---|
| 001 | L144612 | ||
| 008 | 080730e20080725xxko f 000 0 eng d | ||
| 035 | _a(Sirsi) u144612 | ||
| 041 | 0 | _aeng | |
| 100 | 1 | _aGardiner, Joey | |
| 245 | 0 | 0 | _aIs the eco-town dream dead? |
| 260 | _c2008 | ||
| 490 |
_aBuilding _v273 (8539) 25 July 2008, 52-55(4) |
||
| 520 | _aArticle looks at the future for eco-towns and discusses whether or not they will end up being developed. Mentions political pressures and difficulties faced by developers with the planning process and opposition. Suggests that public opinion is still very much behind eco-towns and that they would be a valuable source of housing in a residential market that is in real need of increased stocks. | ||
| 650 | 2 | 4 | _aECO-TOWNS |
| 651 | 4 |
_aEngland and Wales _y1543- |
|
| 690 | _aENVIRONMENTAL AND LAND CONSULTANCY-SUSTAINABILITY-SUSTAINABLE DEVELOPMENT | ||
| 690 | _aENVIRONMENTAL AND LAND CONSULTANCY-PLANNING AND DEVELOPMENT-STRATEGIC PLANNING | ||
| 942 | _n0 | ||
| 999 |
_c80528 _d80528 |
||